000 01156cam a22003737a 4500
003 CHAP
005 20240522132338.0
008 040112d2002 it a rn 00110 eng d
010 _a87954
011 _a88926
020 _a9251047626
035 _a99475
040 _cCHAP
082 0 4 _a630
_bF32 v.34
110 2 _aFAO
245 1 3 _aThe state of food and agriculture 2002
_c/ by FAO
260 _aRome :
_bFAO,
_c2002.
300 _a227 p. :
_bilus. ; tablas ; gráfs. + 1 disco compacto 4 3/4 plg.
410 _aFAO
490 0 _aAgricultura
_v; 34
500 _aEl contenido del CD se encuentra en los idiomas : Inglés, Francés y Español.
590 _aBATCH-UPD
_b10
_c20130110
590 _aBATCH-UPD
_b10
_c20130410
590 _aCONVERSION
_b10
_c20130109
650 1 4 _aAgricultura
_xEstadisticas.
_91417
650 1 4 _aAlimentos
_xAbastecimiento.
810 0 _aFAO
830 0 _aAgricultura
_v; 34
_91173
901 _aBK
905 _aMayto Villalobos S.
942 _cLIBRO
_2ddc
949 _a630 F32 v.34
_bBC
_cCD
_d33724002026298
_eFAO1
_fCD
_i99475
_sb
949 _a630 F32 v.34
_bBC
_cFAO
_d33724000892519
_eFAO1
_h104217
_i99475
_sb
999 _c87954
_d87954